| 000 | 00406nam a2200145 a 4500 | ||
|---|---|---|---|
| 001 | 000031298 | ||
| 005 | 20230519124858.0 | ||
| 008 | 110617s2009 dr 000 0 spa d | ||
| 040 |
_aDO-SdBNP _bspa _cBNPHU |
||
| 040 | _aDO-SdBNP | ||
| 082 |
_axxxx _bS623 |
||
| 245 | 0 | 0 | _aSistema de registro electrónico de nóminas/. |
| 260 |
_aSanto Domingo : _bAFP Popular, _c[2--?]. |
||
| 300 |
_a80 p. : _bils. ; _c14 cm. |
||
| 999 |
_c30790 _d30790 |
||